000 00991nam a2200301 a 4500
003 AR-BaBNM
005 20251128210730.0
008 082120s2002 ||||||||||||||000 | spa||
020 _a950-00-0355-4
040 _cAR-BaBNM
100 1 _aClérico, María Laura
245 0 0 _aPolimodal
_bformación ética y ciudadana
250 _a1ª ed.
260 _aBuenos Aires
_bMinisterio de Educación. Programa Nacional de Innovaciones Educativas
_c2000
300 _a24 p.
_btablas
490 0 _aPropuestas para el aula. Material para docentes
650 4 _aACTIVIDADES DE APRENDIZAJE
653 _aEDUCACION POLIMODAL
653 _aPROYECTOS DE AULA
653 _aINNOVACIONES EDUCATIVAS
653 _aFORMACION ETICA Y CIUDADANA
700 1 _aSchujman, Gustavo
_ecoordinador
700 1 _aErramouspe, Pablo
700 1 _aManfredini, Ana María
810 1 _aArgentina
_bMinisterio de Educación
_bPrograma Nacional de Innovaciones Educativas
942 _cBK
998 _cRAQUEL
999 _c16650
_d16650